Handball EM Männer 2022 Teilnehmer - Statistiken

Allgemein
  • Dieses Quiz wurde 274 mal gespielt
  • Das Durchschnittsergebnis liegt bei 20 aus 24
Antwortstatistiken
Vorrunden Gruppe Antwort % Korrekt
D Deutschland
99%
C Frankreich
97%
E Schweden
97%
E Spanien
97%
A Dänemark
94%
C Kroatien
93%
F Norwegen
92%
B Portugal
92%
D Österreich
91%
B Niederlande
89%
D Polen
89%
B Ungarn
87%
B Island
86%
A Slowenien
85%
E Tschechien
85%
F Russland
84%
C Serbien
82%
F Slowakei
81%
A Nordmazedonien
75%
C Ukraine
75%
E Bosnien und Herzegowina
69%
D Belarus
68%
A Montenegro
68%
F Litauen
64%
Keine übereinstimmenden Quizze gefunden
Verteilung der Resultate
Anzahl Personen mit jedem Resultat
Perzentil nach korrekt beantworteten Fragen
Ihre Resultats-Entwicklung
Sie haben dieses Quiz noch nicht gespielt